Coloides (curso elemental) (Record no. 112813)

MARC details
000 -LEADER
campo de control de longitud fija 00746nam a2200193 4500
001 - NÚMERO DE CONTROL
campo de control 112813
003 - IDENTIFICADOR DE NÚMERO DE CONTROL
campo de control ES-MaACL
005 - FECHA Y HORA DE LA ÚLTIMA TRANSACCIÓN
campo de control 20230906185635.0
007 - CAMPO FIJO DE DESCRIPCIÓN FÍSICA--INFORMACIÓN GENERAL
campo de control de longitud fija t|
008 - DATOS DE LONGITUD FIJA--INFORMACIÓN GENERAL
campo de control de longitud fija 061121s1924 sp r ||||1| spa d
100 1# - ENTRADA PRINCIPAL--NOMBRE DE PERSONA
Nombre de persona Murillo Ubeda, Ricardo.
9 (RLIN) 84596
245 10 - MENCIÓN DEL TÍTULO
Título Coloides (curso elemental)
Resto del título : conferencias teórico-prácticas /
Mención de responsabilidad, etc. por Ricardo Murillo Úbeda y Eulogio Muñoz Cortázar.
260 ## - PUBLICACIÓN, DISTRIBUCIÓN, ETC.
Lugar de publicación, distribución, etc. Madrid :
Nombre del editor, distribuidor, etc. Imp. del Patronato de Huérfanos de los Cuerpos de Intendencia e Intervención Militares,
Fecha de publicación, distribución, etc. 1924.
300 ## - DESCRIPCIÓN FÍSICA
Extensión VIII, 144 p. ;
Dimensiones 23 cm.
650 00 - PUNTO DE ACCESO ADICIONAL DE MATERIA--TÉRMINO DE MATERIA
Término de materia o nombre geográfico como elemento de entrada Coloides.
9 (RLIN) 11147
700 1# - ENTRADA AGREGADA--NOMBRE PERSONAL
Nombre de persona Muñoz Cortazar, Eulogio.
9 (RLIN) 84378
710 2# - ENTRADA AGREGADA--NOMBRE DE ENTIDAD CORPORATIVA
Nombre de entidad corporativa o nombre de jurisdicción como elemento de entrada Patronato de Huérfanos de Intendencia e Intervención Militares.
9 (RLIN) 6172
852 ## - LOCALIZACIÓN
Ubicación ES-MaACL
Número de control de estantería E-859
Holdings
Estatus retirado Estado de pérdida Estado de daño No para préstamo Biblioteca de origen Biblioteca actual Ubicación en estantería Fecha de adquisición Fuente de adquisición Total de préstamos Signatura topográfica completa Código de barras Visto por última vez Precio de reemplazo Tipo de ítem Koha
        Biblioteca del Ateneo de Madrid Biblioteca del Ateneo de Madrid Depósito 2 17/01/2008     E-859 1117674 23/02/2023 23/02/2023 Libro impreso